| 000 | 00903cam a2200205 4500 | ||
|---|---|---|---|
| 001 | WB4022-05 | ||
| 008 | 040610n2004 000 0 eng u | ||
| 035 | _a(Sirsi) u126453 | ||
| 245 | _aCEDR calls for more mediation training for judges | ||
| 260 | _c2004 | ||
| 490 |
_aLaw Society's Gazette _v101(22) 4 June 2004, 5(1) |
||
| 520 | _aTop lawyers and mediators have argued that, judges need to be trained in mediation. The issue has been highlighted following "Halsey v Milton Keynes General NHS Trust" ([2004] EWCA (Civ) 576, [2004] ALL ER CD) 125 (May)), where it was established that a party can refuse to mediate, but the judge had to decide whether the case had a chance of success at mediation. | ||
| 590 | _aWB | ||
| 590 | _aWB | ||
| 650 | _aMEDIATION | ||
| 650 | _aHALSEY V MILTON KEYNES GENERAL NHS TRUST | ||
| 650 | _aTRAINING | ||
| 690 |
_aDISPUTE RESOLUTION _96236 |
||
| 942 | _n0 | ||
| 999 |
_c117498 _d117498 |
||